Sports Quiz

Random Sports Quiz

Clubs: Ligue 1, 2007/08 Quiz Stats

 Plays Quiz not verified by Sporcle

Challenge
Share
Tweet
Embed
Score 0/20 Timer 04:00
0 Plays Today
Coach (at start of the season) Club % Correct
Christian GourcuffFC Lorient
95.3%
Laurent BlancGirondins de Bordeaux
93%
Pablo CorreaAS Nancy
90.7%
Frédéric AntonettiOGC Nice
90.7%
Paul Le GuenParis-SG
90.7%
Pierre Dréossi --> Guy LacombeStade Rennais
90.7%
Franck DumasSM Caen
88.4%
Guy Roux --> Jean-Pierre PapinRC Lens
88.4%
Claude PuelLille OSC
88.4%
Albert Emon --> Eric GeretsOlympique de Marseille
88.4%
Coach (at start of the season) Club % Correct
Elie BaupToulouse FC
88.4%
Jean FernandezAJ Auxerre
83.7%
Alain PerrinOlympique Lyonnais
83.7%
Laurent RousseyAS Saint-Étienne
83.7%
Antoine KombouaréValenciennes FC
81.4%
RicardoAS Monaco
79.1%
Frédéric Hantz --> Jean-Luc Ruty --> Francis GillotFC Sochaux-Montbéliard
79.1%
Rudi GarciaLe Mans UC 72
76.7%
Francis De Taddeo --> Yvon PouliquenFC Metz
65.1%
Jean-Marc FurlanRC Strasbourg
55.8%

You're not logged in!

Compare scores with friends on all Sporcle quizzes.
OR
Log In

You Might Also Like...

Show Comments

Extras

Created Jul 25, 2011ReportNominate
Tags:2007-2008, club, coach, ligue, Ligue 1, season, start

Top Quizzes Today


Score Distribution

Your Account Isn't Verified!

In order to create a playlist on Sporcle, you need to verify the email address you used during registration. Go to your Sporcle Settings to finish the process.

Report this User

Report this user for behavior that violates our Community Guidelines.

Details: